Engineering drawing and design/ (Record no. 138)
[ view plain ]
| 000 -LEADER | |
|---|---|
| fixed length control field | 00822cab a22002775a 4500 |
| 008 - FIXED-LENGTH DATA ELEMENTS--GENERAL INFORMATION | |
| fixed length control field | 150812m20022004xxuad||f |||| 001 0 eng d |
| 020 ## - INTERNATIONAL STANDARD BOOK NUMBER | |
| International Standard Book Number | 0766816362 |
| 020 ## - INTERNATIONAL STANDARD BOOK NUMBER | |
| International Standard Book Number | 9780766816343 |
| 040 ## - CATALOGING SOURCE | |
| Original cataloging agency | EG-ScBUE |
| Language of cataloging | eng |
| Transcribing agency | EG-ScBUE |
| 082 04 - DEWEY DECIMAL CLASSIFICATION NUMBER | |
| Classification number | 604.2 |
| Item number | MAD |
| Edition number | 22 |
| 100 1# - MAIN ENTRY--PERSONAL NAME | |
| Personal name | Madsen, David A. |
| 245 1# - TITLE STATEMENT | |
| Title | Engineering drawing and design/ |
| Statement of responsibility, etc | Kevin Standiford, Catherine Stark.[etc..] |
| 250 ## - EDITION STATEMENT | |
| Edition statement | 3rd ed. |
| 260 ## - PUBLICATION, DISTRIBUTION, ETC. (IMPRINT) | |
| Place of publication, distribution, etc | Albany; |
| Name of publisher, distributor, etc | Delmar Thomason Learning. |
| Date of publication, distribution, etc | c 2002-2004. |
| 300 ## - PHYSICAL DESCRIPTION | |
| Extent | xx , 1018p. |
| Other physical details | ill,col. |
| 490 ## - Series Statement | |
| Series statement | Delmar drafting series |
| 500 ## - GENERAL NOTE | |
| General note | index 1005-1018. |
| 504 ## - BIBLIOGRAPHY, ETC. NOTE | |
| Bibliography, etc | Glossary 997-1003. |
| 650 ## - SUBJECT ADDED ENTRY--TOPICAL TERM | |
| Topical term or geographic name as entry element | Mechanical drawing |
| Source of heading or term | BUEsh |
| 651 ## - SUBJECT ADDED ENTRY--GEOGRAPHIC NAME | |
| Source of heading or term | BUEsh |
| 653 ## - INDEX TERM--UNCONTROLLED | |
| Resource For college | Engineering, Mechanical |
| Arrived date list | August2015 |
| 700 ## - ADDED ENTRY--PERSONAL NAME | |
| Relator code | Stark, Catherine |
| 700 ## - ADDED ENTRY--PERSONAL NAME | |
| Relator code | Folkestad, James. |
| 700 ## - ADDED ENTRY--PERSONAL NAME | |
| Relator code | Turpin, Lee. |
| 942 ## - ADDED ENTRY ELEMENTS (KOHA) | |
| Item type | Book - Borrowing |
| Call number prefix | 604.2 MAD |
| Source of classification or shelving scheme | Dewey Decimal Classification |
| Withdrawn status | Item status | Source of classification or shelving scheme | Damaged status | Not for loan | Vendor | Home library | Current library | Shelving location | Date acquired | Source of acquisition | Cost, normal purchase price | Total Checkouts | Full call number | Barcode | Date last seen | Cost, replacement price | Koha item type |
|---|---|---|---|---|---|---|---|---|---|---|---|---|---|---|---|---|---|
| Dewey Decimal Classification | Baccah | Central Library | Central Library | First floor | 01/10/2015 | Purchase | 200.00 | 1 | 604.2 MAD | 000004619 | 15/07/2025 | 250.00 | Book - Borrowing |